Schaum's outline of theory and problems of accounting I

Αποθηκεύτηκε σε:
Λεπτομέρειες βιβλιογραφικής εγγραφής
Κύριος συγγραφέας: Cashin, James A.
Άλλοι συγγραφείς: Lerner, Joel J. (jointauthor)
Μορφή: Βιβλίο
Γλώσσα:English
Δημοσίευση: New York : McGraw-Hill, c1980
Έκδοση:2nd ed.
Σειρά:Schaum's outline series in accounting
Schaum's outline series
Θέματα:
Ετικέτες: Προσθήκη ετικέτας
Δεν υπάρχουν, Καταχωρήστε ετικέτα πρώτοι!

MARC

LEADER 00000cam a2200000 i 4500
001 1/59270
008 960322s1980 eng d
020 |a 0070102511  |c $4.95 
035 |l 10028510 
040 |a GR-MY-UA  |b gre  |e aacr 
041 0 |a eng 
082 0 |a 657.044  |2 (19) 
100 1 |a Cashin, James A. 
245 1 0 |a Schaum's outline of theory and problems of accounting I /  |c by James A. Cashin and Joel J. Lerner 
246 3 3 |a Outline of theory and problems of accounting I 
250 |a 2nd ed. 
260 |a New York :   |b McGraw-Hill,   |c c1980 
300 |a 278 σ.;  |b εικ.;  |c 28 εκ. 
490 1 |a Schaum's outline series in accounting 
490 1 |a Schaum's outline series 
504 |a Περιλαμβάνει ευρετήριο 
650 0 0 |a Accounting  |x Problems, exercises, etc. 
700 1 |a Lerner, Joel J.  |4 jointauthor 
852 |a INST  |b CHIOS  |e 19960410  |h 657.044 CAS  |p 005200004717  |q 005200004717  |t BK  |y 0 
852 |a INST  |b CHIOS  |e 19960322  |h 657.044 CAS  |p 005200004786  |q 005200004786  |t BK  |y 0 
909 |a Χ  |b 000774 
909 |a Χ  |b 000785